1001 1742 1178 1956 1301 1045 1444 1814 1011 1336 1679 1522 1063 1763 1152 1893 1701 1634 1998 1413 1073 1986 1088 1067 1809 1179 1153 1958 1211 1088 1988 1518 1616 1568 1742 1913 1439 1332 1697 1627 1804 1993 1507 1173 1672 1083 1242 1347 1753 1472 1897 1310 1282 1863 1041 1484 1295 1801 1427 1522 1235 1758 1206 1336 1020 1454 1192 1252 1405 1453 1605 1291 1414 1703 1066 1940 1830 1780 1803 1996 1924 1740 1213 1590 1107 1065 1980 1612 1449 1234 1539 1818 1872 1405 1714 1497 1851 1753 1228 BCNSPRNW ULIB Ver.6.0+V

เปลี่ยนเป็นภาษาไทย

Change to English
 แสดงรายละเอียดบรรณานุกรม
  กลับหน้าหลัก

Brief Record : Get Marc (ISO 2709) : E-mail record : QR code < ปิดหน้าต่าง
LEADER : 00000nam 2200000uu 4500
001    13399113417
003     ULIB
008    110627s2552||||th 000 0 tha d
020    9786115350049
090    นว.^bล455พ 2552
100 0  ลิลลี่พิงค์
245 00 พลิกรักสลับขั้วหัวใจของยังซินดี้กับนายแบดบอย/^cลิลลี่พิงค์
250    พิมพ์ครั้งที่ 1
260    กรุงเทพฯ :^bSugar rian,^c2552
300    169 หน้า
710 1  Sugar rian
945    ^p139^l0^i026031
995    ทศพร
999 ^a ใช้งานได้ทุกระบบ
รายการนี้ยังไม่มีแท็ก
คุณยังไม่ได้ล็อกอิน คุณสามารถมีกิจกรรมร่วมกับเว็บไซต์ได้ แต่ต้องล็อกอินก่อน ::
  ล็อกอิน

รายการสื่อสารสนเทศ

ลำดับที่ ประเภท เลขเรียก/บาร์โค้ด สถานที่ สถานะ
1. นวนิยาย
นวนิยาย
นว. ล455พ 2552 ฉ.1 
  Barcode: 026031
ห้องสมุดวิทยาเขตสวรรค์ประชารักษ์
►นวนิยาย
บนชั้น
  ขอยืม

BibComment


ยังไม่เคยถูกคอมเมนท์

คอมเมนท์ทรัพยากรรายการนี้
  คอมเมนท์: พลิกรักสลับขั้วหั..


 Copyright 2026. Bcnsprnw @Library